|
|
|
|
| LEADER |
02243nam a2200553 a 4500 |
| 001 |
nkc20092023592 |
| 003 |
CZ PrNK |
| 005 |
20130907143230.0 |
| 007 |
ta |
| 008 |
091202s2009 xr ac e 000 0acze |
| 015 |
|
|
|a cnb002023592
|
| 020 |
|
|
|a 978-80-87195-08-6
|q (váz.)
|
| 035 |
|
|
|a (OCoLC)505915085
|
| 040 |
|
|
|a OLA001
|b cze
|d ABA001
|
| 043 |
|
|
|a e-xr---
|a r------
|
| 045 |
|
|
|a w6x4
|
| 072 |
|
7 |
|a 913(9)
|x Geografie Oceánie, polárních oblastí, Austrálie, atd.
|2 Konspekt
|9 7
|
| 072 |
|
7 |
|a 929
|x Biografie
|2 Konspekt
|9 8
|
| 080 |
|
|
|a 910.3/.4(211)-051
|2 MRF
|
| 080 |
|
|
|a 929
|2 MRF
|
| 080 |
|
|
|a 910.3/.4(211)
|2 MRF
|
| 080 |
|
|
|a 908(211-17)
|2 MRF
|
| 080 |
|
|
|a (437.3)
|2 MRF
|
| 080 |
|
|
|a (98)
|2 MRF
|
| 080 |
|
|
|a (0:82-94)
|2 MRF
|
| 100 |
1 |
|
|a Welzl, Jan Eskymo,
|d 1868-1948
|7 jk01151568
|4 aut
|
| 245 |
1 |
0 |
|a Eskymo Welzl :
|b paměti českého polárního lovce a zlatokopa /
|c Jan Welzl ; podle jeho zápisků a dopisů pro tisk upravil Rudolf Těsnohlídek
|
| 246 |
3 |
0 |
|a Paměti českého polárního lovce a zlatokopa
|
| 250 |
|
|
|a Vyd. 2., (V Carpe diem 1.)
|
| 260 |
|
|
|a V Brumovicích :
|b Carpe diem,
|c 2009
|
| 300 |
|
|
|a 255 s. :
|b il., portréty ;
|c 20 cm
|
| 500 |
|
|
|a Dotisk r. 2010
|
| 600 |
1 |
7 |
|a Welzl, Jan Eskymo,
|d 1868-1948
|7 jk01151568
|2 czenas
|
| 648 |
|
4 |
|a 1868-1948
|
| 650 |
0 |
7 |
|a polární badatelé
|7 ph254905
|z Česko
|y 19.-20. století
|2 czenas
|
| 650 |
0 |
7 |
|a polární expedice
|7 ph124325
|z Arktida
|y 19.-20. století
|2 czenas
|
| 650 |
0 |
9 |
|a polar explorers
|z Czechia
|y 19th-20th centuries
|2 eczenas
|
| 650 |
0 |
9 |
|a polar expeditions
|z Arctic
|y 19th-20th centuries
|2 eczenas
|
| 651 |
|
7 |
|a arktická oblast
|7 ge134555
|x vlastivěda
|2 czenas
|
| 651 |
|
9 |
|a Arctic regions
|x description and travel
|2 eczenas
|
| 655 |
|
7 |
|a autobiografické vzpomínky
|7 fd131854
|2 czenas
|
| 655 |
|
9 |
|a autobiographical reminiscences
|2 eczenas
|
| 700 |
1 |
|
|a Těsnohlídek, Rudolf,
|d 1882-1928
|7 jk01132297
|4 edt
|
| 856 |
4 |
1 |
|u http://www.digitalniknihovna.cz/mzk/uuid/uuid:5485fb40-05f3-11ea-a20e-005056827e51
|y Digitalizovaný dokument
|x NDK
|
| 910 |
2 |
|
|a BOA001
|b 1-1234.488
|
| 990 |
|
|
|a BK
|
| 995 |
|
|
|a 01
|
| 991 |
|
|
|b 201001
|c NOV
|
| 996 |
6 |
|
|b 2610403746
|c 1-1234.488
|l MZK
|r Sklad / do 1 hodiny
|n 2
|p p.v.
|w 001100791
|u 000010
|a 1
|e BOA001
|j MZK50
|s P
|